00738nam a2200241 a 4500001001300000003000900013005001700022008004100039020001000080082001300090100002900103245006300132260004300195300000800238500003500246505001600281650002700297700002900324902000800353942000700361952011300368999001500481nice12345678IN_TiNIC20260116011402.0050524s1971 newa grp 000 0 eng  ac10000a233bMEG aMegiddo Mission Church,  aGod`s Spiritual Creation(treatise on the First of Genesis) aNew YorkbMegiddo Mission Churchc1971 a87p aincludes index and biblioraphy2 aArabic-Urdu aMan-Christian Theology1 aMegiddo Mission Church,  bSRS cBK 001040708StackRoom-aHMIbHMId2007-06-20g100.00l0o233 MEGp00142r2019-07-09v100.00w2005-05-24yBK c1072d1072